[Event "NRW Class1 0708"]
[Site "Germany"]
[Date "2008.04.27"]
[Round "9.7"]
[White "Reinartz, Georg"]
[Black "Schroeder, Wilfried"]
[Result "1/2-1/2"]
[WhiteElo "2255"]
[BlackElo "2183"]
[PlyCount "66"]
[EventDate "2007.09.16"]
[EventType "team"]
[EventRounds "9"]
[EventCountry "GER"]
[SourceTitle "EXT 2009"]
[Source "ChessBase"]
[SourceDate "2008.11.26"]
[SourceVersion "1"]
[SourceVersionDate "2008.11.26"]
[SourceQuality "1"]
[WhiteTeam "Elberfeld"]
[BlackTeam "Wattenscheid II"]
[WhiteTeamCountry "GER"]
[BlackTeamCountry "GER"]

1. d4 d5 2. Nf3 c6 3. Bg5 h6 4. Bh4 Qb6 5. Qc1 Bf5 6. e3 Nd7 7. Nbd2 e6 8. Be2 Ngf6 9. 0-0 Be7 10. a3 0-0 11. c4 Rfe8 12. b4 Ne4 13. c5 Qd8 14. Bxe7 Qxe7 15. Nxe4 Bxe4 16. Qc3 Bxf3 17. Bxf3 e5 18. b5 Nf6 19. Rab1 Ne4 20. Bxe4 dxe4 21. Rfd1 exd4 22. exd4 Rad8 23. d5 Rxd5 24. Rxd5 cxd5 25. Rd1 Rd8 26. Qd4 Qc7 27. a4 a6 28. g3 axb5 29. axb5 Qa5 30. b6 Qb5 31. Rc1 Qc6 32. Kf1 Ra8 33. Ra1 Rxa1+ 1/2-1/2

[Event "NRW Class1 0708"]
[Site "Germany"]
[Date "2007.09.16"]
[Round "1.6"]
[White "Reinartz, Georg"]
[Black "Wagenknecht, Uwe"]
[Result "1/2-1/2"]
[WhiteElo "2255"]
[BlackElo "2161"]
[PlyCount "121"]
[EventDate "2007.09.16"]
[EventType "team"]
[EventRounds "9"]
[EventCountry "GER"]
[SourceTitle "EXT 2009"]
[Source "ChessBase"]
[SourceDate "2008.11.26"]
[SourceVersion "1"]
[SourceVersionDate "2008.11.26"]
[SourceQuality "1"]
[WhiteTeam "Elberfeld"]
[BlackTeam "Bielefeld"]
[WhiteTeamCountry "GER"]
[BlackTeamCountry "GER"]

1. d4 Nf6 2. c4 g6 3. Nc3 Bg7 4. e4 d6 5. Nge2 e5 6. dxe5 dxe5 7. Qxd8+ Kxd8 8. Bg5 h6 9. 0-0-0+ Nbd7 10. Bh4 c6 11. f3 Kc7 12. Kb1 Re8 13. Nc1 a5 14. Nd3 Bf8 15. c5 Nh5 16. Bf2 Nf4 17. Na4 Rb8 18. Nc1 Nf6 19. Be1 Ra8 20. Nb3 Be6 21. Nxa5 Nd7 22. Rc1 Ra7 23. b4 Rea8 24. Nb6 Nxb6 25. cxb6+ Kxb6 26. Bf2+ Kc7 27. Bxa7 Bxb4 28. Be3 Rxa5 29. Rc2 Ra3 30. Bc1 Rc3 31. Rxc3 Bxc3 32. g3 Nh3 33. Be2 h5 34. Rf1 f5 35. Bd3 f4 36. Bb2 Bxb2 37. Kxb2 g5 38. a3 b5 39. Rc1 Kb6 40. Bf1 Nf2 41. gxf4 exf4 42. Be2 g4 43. Rg1 Kc5 44. Kc3 Kd6 45. Rg2 gxf3 46. Bxf3 Ng4 47. Rd2+ Ke5 48. Kb4 Nf6 49. Kc5 Nxe4+ 50. Bxe4 Kxe4 51. Re2+ Kf5 52. Kd4 Bd5 53. Re5+ Kg4 54. h3+ Kxh3 55. Rxh5+ Kg2 56. Rf5 Kg3 57. Rf6 Kg4 58. Rf8 Kg3 59. Rf6 f3 60. Ke3 Kg2 61. Rh6 1/2-1/2

[Event "Oberliga NRW 0203 I"]
[Site "Germany"]
[Date "2003.04.06"]
[Round "8.2"]
[White "Grimm, Sascha"]
[Black "Reinartz, Georg"]
[Result "1/2-1/2"]
[WhiteElo "2372"]
[BlackElo "2299"]
[PlyCount "28"]
[EventDate "2002.10.06"]
[EventType "team"]
[EventRounds "9"]
[EventCountry "GER"]
[SourceTitle "EXT 2004"]
[Source "ChessBase"]
[SourceDate "2003.11.25"]
[SourceVersion "1"]
[SourceVersionDate "2003.11.25"]
[SourceQuality "1"]
[WhiteTeam "Lohmar"]
[BlackTeam "Elberfeld"]
[WhiteTeamCountry "GER"]
[BlackTeamCountry "GER"]

1. c4 f5 2. g3 Nf6 3. Nf3 g6 4. Bg2 Bg7 5. 0-0 0-0 6. Nc3 c6 7. d4 d6 8. Re1 Ne4 9. Qd3 d5 10. Bf4 e6 11. Be5 Nd7 12. Bxg7 Kxg7 13. Nd2 Nxd2 14. Qxd2 dxc4 1/2-1/2

[Event "Oberliga NRW 0203 I"]
[Site "Germany"]
[Date "2002.10.06"]
[Round "1.2"]
[White "Kohlweyer, Bernd"]
[Black "Reinartz, Georg"]
[Result "1-0"]
[WhiteElo "2452"]
[BlackElo "2299"]
[PlyCount "107"]
[EventDate "2002.10.06"]
[EventType "team"]
[EventRounds "9"]
[EventCountry "GER"]
[SourceTitle "EXT 2004"]
[Source "ChessBase"]
[SourceDate "2003.11.25"]
[SourceVersion "1"]
[SourceVersionDate "2003.11.25"]
[SourceQuality "1"]
[WhiteTeam "Dortmund Hansa"]
[BlackTeam "Elberfeld"]
[WhiteTeamCountry "GER"]
[BlackTeamCountry "GER"]

1. c4 Nf6 2. Nc3 c5 3. Nf3 b6 4. e4 d6 5. d4 cxd4 6. Nxd4 Bb7 7. Qe2 g6 8. g3 Nbd7 9. Bg2 Bg7 10. 0-0 0-0 11. Rd1 Ne8 12. b3 e6 13. a4 a6 14. Ba3 Nc5 15. Rab1 Qd7 16. Bb4 Qc7 17. Qc2 Rc8 18. Ra1 Nd7 19. a5 h5 20. Qd2 bxa5 21. Bxa5 Qb8 22. Rab1 Qa8 23. Qe3 Kh7 24. Bb4 Nc5 25. Ba3 Nf6 26. f3 Rfe8 27. Kh1 Kg8 28. Nde2 Bf8 29. Bb2 Ncd7 30. Na4 Bc6 31. Ra1 Qb7 32. Nd4 e5 33. Nxc6 Qxc6 34. Bf1 Rb8 35. Rdb1 Rb7 36. Bc3 Reb8 37. b4 Kh7 38. Rb3 Qc8 39. Rbb1 Qc6 40. Qd3 Be7 41. Bd2 Rg8 42. Nc3 Nb8 43. Bg5 Ne8 44. b5 axb5 45. cxb5 Qd7 46. Be3 h4 47. Rb2 Ng7 48. Rba2 hxg3 49. hxg3 Rh8 50. Ra7 Kg8+ 51. Kg1 Bd8 52. Rxb7 Qxb7 53. Ra7 Qc8 54. Qc4 1-0

[Event "Oberliga NRW 0102 I"]
[Site "Germany"]
[Date "2002.03.10"]
[Round "7.2"]
[White "Reinartz, Georg"]
[Black "Wolf, Andre"]
[Result "1/2-1/2"]
[WhiteElo "2277"]
[BlackElo "2240"]
[PlyCount "23"]
[EventDate "2001.10.??"]
[EventType "team"]
[EventRounds "9"]
[EventCountry "GER"]
[SourceTitle "EXT 2004"]
[Source "ChessBase"]
[SourceDate "2003.11.25"]
[SourceVersion "1"]
[SourceVersionDate "2003.11.25"]
[SourceQuality "1"]
[WhiteTeam "Elberfeld"]
[BlackTeam "Herford"]
[WhiteTeamCountry "GER"]
[BlackTeamCountry "GER"]

1. d4 d5 2. c4 e6 3. Nc3 c6 4. e3 Nf6 5. Nf3 Nbd7 6. Be2 Bd6 7. 0-0 0-0 8. Qc2 Qe7 9. e4 dxe4 10. Nxe4 Nxe4 11. Qxe4 e5 12. dxe5 1/2-1/2

[Event "Oberliga NRW 0001 I"]
[Site "NRW"]
[Date "2001.04.22"]
[Round "8.2"]
[White "Weritz, Juergen"]
[Black "Reinartz, Georg"]
[Result "1-0"]
[WhiteElo "2258"]
[BlackElo "2295"]
[PlyCount "145"]
[EventDate "2000.09.24"]
[EventType "team"]
[EventRounds "9"]
[EventCountry "GER"]
[SourceTitle "EXT 2006"]
[Source "ChessBase"]
[SourceDate "2005.11.24"]
[SourceVersion "1"]
[SourceVersionDate "2005.11.24"]
[SourceQuality "1"]
[WhiteTeam "Krefeld"]
[BlackTeam "Elberfeld"]
[WhiteTeamCountry "GER"]
[BlackTeamCountry "GER"]

1. d4 Nf6 2. c4 c5 3. d5 e5 4. Nc3 d6 5. e4 Be7 6. g3 0-0 7. h4 Na6 8. Bh3 Nc7 9. Qe2 Re8 10. Bxc8 Qxc8 11. Nf3 Rb8 12. a4 a6 13. a5 b5 14. axb6 Rxb6 15. Kf1 Qd7 16. Ne1 Kh8 17. Nd3 Bf8 18. Kg2 Rb3 19. f3 Qe7 20. Bg5 h6 21. Bd2 Reb8 22. Ra2 Nd7 23. Nd1 h5 24. Nc1 R3b7 25. Bc3 Kg8 26. Ne3 g6 27. Nd3 Bg7 28. g4 Nf6 29. Nf1 Qd7 30. Nf2 Rb6 31. Ng3 Nce8 32. Kh2 Qe7 33. Nh3 Nh7 34. gxh5 Qxh4 35. Kg2 Qe7 36. Nf2 Nef6 37. Nd1 Qf8 38. Bd2 Qc8 39. Kf1 Rb3 40. Bc3 R3b6 41. Qg2 Qb7 42. Nf5 Nf8 43. Nde3 N6h7 44. Ra1 g5 45. Qc2 Bf6 46. Rg1 Kh8 47. Ng4 Nd7 48. Ke2 Bd8 49. Kd3 Ndf6 50. Nxf6 Bxf6 51. Ra2 Rg8 52. Rg2 Bd8 53. Ra1 f6 54. Ke2 Be7 55. Kf2 Rb8 56. Kg3 Bf8 57. Ra3 Kg8 58. Kg4 Kf7 59. Rg1 Rb4 60. Bxb4 cxb4 61. Ra4 Qb6 62. c5 dxc5 63. Qc4 Qb5 64. Qxb5 axb5 65. Ra7+ Kg8 66. Rga1 c4 67. Rc7 Kh8 68. Raa7 c3 69. Rxh7+ Kg8 70. bxc3 bxc3 71. h6 b4 72. Rag7+ Bxg7 73. Rxg7+ 1-0

[Event "Oberliga NRW 0001 I"]
[Site "NRW"]
[Date "2000.10.29"]
[Round "2.2"]
[White "Hausrath, Daniel"]
[Black "Reinartz, Georg"]
[Result "1-0"]
[WhiteElo "2439"]
[BlackElo "2295"]
[PlyCount "79"]
[EventDate "2000.09.24"]
[EventType "team"]
[EventRounds "9"]
[EventCountry "GER"]
[SourceTitle "EXT 2006"]
[Source "ChessBase"]
[SourceDate "2005.11.24"]
[SourceVersion "1"]
[SourceVersionDate "2005.11.24"]
[SourceQuality "1"]
[WhiteTeam "Muelheim"]
[BlackTeam "Elberfeld"]
[WhiteTeamCountry "GER"]
[BlackTeamCountry "GER"]

1. Nf3 e6 2. g3 d5 3. Bg2 g6 4. 0-0 Bg7 5. d4 Ne7 6. Nbd2 Nbc6 7. c3 f5 8. b4 a6 9. a4 e5 10. dxe5 Nxe5 11. Nxe5 Bxe5 12. Qb3 Bg7 13. Nf3 h6 14. Be3 Be6 15. Bd4 0-0 16. e3 Kh7 17. Bxg7 Kxg7 18. Nd4 Bg8 19. Qb2 Kh7 20. Rad1 Qe8 21. Qc2 Rc8 22. h4 Kg7 23. c4 dxc4 24. Bxb7 Rb8 25. Bxa6 Qf7 26. Rc1 Rxb4 27. Qc3 Nd5 28. Ne6+ Kh7 29. Nxf8+ Qxf8 30. Qe5 c3 31. Bd3 h5 32. e4 fxe4 33. Bxe4 Rxe4 34. Qxe4 Qc5 35. Rfd1 c6 36. Qd4 Qa5 37. Rd3 Be6 38. Rdxc3 Nxc3 39. Qxc3 Qf5 40. Qxc6 1-0

[Event "Oberliga NRW 9900 II"]
[Site "Germany"]
[Date "2000.03.22"]
[Round "7.1"]
[White "Karger, Frank"]
[Black "Reinartz, Georg"]
[Result "1/2-1/2"]
[WhiteElo "2203"]
[BlackElo "2300"]
[PlyCount "87"]
[EventDate "1999.10.26"]
[EventType "team"]
[EventRounds "9"]
[EventCountry "GER"]
[SourceTitle "EXT 2001"]
[Source "ChessBase"]
[SourceDate "2000.11.22"]
[SourceVersion "1"]
[SourceVersionDate "2000.11.22"]
[SourceQuality "1"]
[WhiteTeam "Letmathe"]
[BlackTeam "Elberfeld"]
[WhiteTeamCountry "GER"]
[BlackTeamCountry "GER"]

1. d4 Nf6 2. Bg5 Ne4 3. Bf4 d6 4. f3 Nf6 5. e4 Nbd7 6. Nc3 e5 7. Be3 Be7 8. Bc4 0-0 9. Nge2 c6 10. a4 Qc7 11. 0-0 exd4 12. Nxd4 Ne5 13. Bb3 b6 14. f4 Neg4 15. Bc1 a6 16. h3 c5 17. Nf3 c4 18. Ba2 Nh6 19. Qe2 b5 20. axb5 axb5 21. Nxb5 Qb6+ 22. Nbd4 d5 23. exd5 Nf5 24. Kh2 Nxd4 25. Nxd4 Qxd4 26. Qxe7 Re8 27. Qb4 Nxd5 28. Qd2 Qc5 29. Bxc4 Ne3 30. Qxe3 Rxe3 31. Bxe3 Qc6 32. Rxa8 Qxa8 33. Rd1 Qa5 34. b4 Qc7 35. Bd3 g5 36. g3 Bb7 37. fxg5 Qc6 38. Rg1 Qf3 39. Bc5 Qd5 40. Be3 Qe5 41. Re1 Qd5 42. Rg1 Qe5 43. Re1 Qd5 44. Rg1 1/2-1/2

[Event "Oberliga NRW 9900 II"]
[Site "Germany"]
[Date "2000.03.01"]
[Round "6.1"]
[White "Reinartz, Georg"]
[Black "Hubert, Ralf"]
[Result "1/2-1/2"]
[WhiteElo "2300"]
[BlackElo "2355"]
[PlyCount "118"]
[EventDate "1999.10.26"]
[EventType "team"]
[EventRounds "9"]
[EventCountry "GER"]
[SourceTitle "EXT 2001"]
[Source "ChessBase"]
[SourceDate "2000.11.22"]
[SourceVersion "1"]
[SourceVersionDate "2000.11.22"]
[SourceQuality "1"]
[WhiteTeam "Elberfeld"]
[BlackTeam "Solingen II"]
[WhiteTeamCountry "GER"]
[BlackTeamCountry "GER"]

1. c4 e5 2. Nc3 Nc6 3. g3 f5 4. Bg2 Nf6 5. d3 Bb4 6. Bd2 a5 7. Nd5 Bxd2+ 8. Qxd2 0-0 9. e3 Ne7 10. Ne2 Nexd5 11. cxd5 c5 12. 0-0 d6 13. f4 b6 14. Nc3 Qd7 15. fxe5 dxe5 16. e4 fxe4 17. dxe4 h6 18. Rf5 Qe8 19. Rf3 Bd7 20. Raf1 Qg6 21. a4 Rad8 22. Qd3 Nh7 23. Rxf8+ Rxf8 24. Rxf8+ Nxf8 25. Qe3 Nh7 26. Bf1 Ng5 27. b3 Nf7 28. Bb5 Bh3 29. Be8 Qf6 30. Bxf7+ Qxf7 31. Qd3 Kh7 32. Nd1 b5 33. Nf2 c4 34. bxc4 bxc4 35. Qxc4 Qa7 36. Qc3 Qb6 37. Qe1 Bd7 38. Qa1 Bh3 39. Qe1 Qc5 40. Qd1 Qe3 41. d6 Bd7 42. Qd5 Bh3 43. Qd1 Bd7 44. Qd3 Qa7 45. Kg2 Bxa4 46. Qd5 Bd7 47. Qxe5 a4 48. Qe7 a3 49. Ng4 Qd4 50. Qxd7 Qxe4+ 51. Kf2 Qc2+ 52. Kf3 Qd1+ 53. Kf2 Qd2+ 54. Kf3 Qd1+ 55. Kf2 Qc2+ 56. Kf3 a2 57. Nf6+ Kg6 58. Qe8+ Kxf6 59. d7 Qd3+ 1/2-1/2

[Event "Oberliga NRW 9798 I"]
[Site "Germany"]
[Date "1998.??.??"]
[Round "6.2"]
[White "Buenermann, Volker"]
[Black "Reinartz, Georg"]
[Result "1-0"]
[WhiteElo "2320"]
[BlackElo "2260"]
[PlyCount "123"]
[EventDate "1997.10.??"]
[EventType "team"]
[EventRounds "9"]
[EventCountry "GER"]
[SourceTitle "EXT 1999"]
[Source "ChessBase"]
[SourceDate "1998.11.16"]
[SourceVersion "1"]
[SourceVersionDate "1998.11.16"]
[SourceQuality "1"]
[WhiteTeam "Bochum II"]
[BlackTeam "Elberfeld"]
[WhiteTeamCountry "GER"]
[BlackTeamCountry "GER"]

1. e4 g6 2. d4 Bg7 3. Nc3 d6 4. Be3 a6 5. Qd2 Nd7 6. f4 b5 7. Nf3 Bb7 8. Bd3 e5 9. 0-0 exd4 10. Bxd4 Bxd4+ 11. Nxd4 Ngf6 12. e5 dxe5 13. fxe5 Nxe5 14. Qf4 Nfd7 15. Rae1 Qe7 16. Be4 Bxe4 17. Rxe4 0-0 18. Kh1 Qd6 19. Qg3 Kh8 20. Rd1 f5 21. Nde2 Qxd1+ 22. Nxd1 fxe4 23. Nf2 Rae8 24. Nxe4 Nc4 25. Qc3+ Kg8 26. N4g3 c5 27. Qd3 Nf6 28. h3 Re3 29. Qd1 Rfe8 30. b3 Nb6 31. Qd6 Nbd5 32. Nf4 Re1+ 33. Kh2 Nxf4 34. Qxf4 R8e6 35. Qb8+ Kf7 36. Qc7+ Re7 37. Qxc5 h5 38. Qd4 Rd7 39. Qf4 Kg7 40. c4 bxc4 41. bxc4 Rb7 42. Nf5+ gxf5 43. Qg3+ Ng4+ 44. hxg4 Re4 45. gxf5+ Rg4 46. Qe5+ Kh7 47. c5 Rbg7 48. Qd5 Rh4+ 49. Kg1 Rf4 50. c6 h4 51. Kh2 Rf1 52. Qd3 Rf2 53. Qe4 Kg8 54. Qc4+ Kh8 55. c7 Rgxg2+ 56. Kh3 Rh2+ 57. Kg4 Rhg2+ 58. Kxh4 Kh7 59. c8Q Rh2+ 60. Kg5 Rhg2+ 61. Kf6 Rg6+ 62. Ke5 1-0

[Event "Oberliga NRW 9798 I"]
[Site "Germany"]
[Date "1998.??.??"]
[Round "9.2"]
[White "Reinartz, Georg"]
[Black "Matthias, Heiner"]
[Result "1-0"]
[WhiteElo "2260"]
[BlackElo "2355"]
[PlyCount "69"]
[EventDate "1997.10.??"]
[EventType "team"]
[EventRounds "9"]
[EventCountry "GER"]
[SourceTitle "EXT 1999"]
[Source "ChessBase"]
[SourceDate "1998.11.16"]
[SourceVersion "1"]
[SourceVersionDate "1998.11.16"]
[SourceQuality "1"]
[WhiteTeam "Elberfeld"]
[BlackTeam "Lippstadt Turm"]
[WhiteTeamCountry "GER"]
[BlackTeamCountry "GER"]

1. d4 Nf6 2. c4 e6 3. Nf3 b6 4. g3 Ba6 5. b3 Bb4+ 6. Bd2 Be7 7. Bg2 c6 8. 0-0 d5 9. Ne5 Ne4 10. Bc1 0-0 11. Bb2 Qc7 12. Qc2 Nf6 13. Nd2 Nbd7 14. Nxd7 Qxd7 15. e4 Rac8 16. Rfd1 Rfd8 17. h3 Qe8 18. Rac1 c5 19. exd5 exd5 20. dxc5 Rxc5 21. Ba3 Rc7 22. Re1 dxc4 23. Nxc4 Rdd7 24. Bxe7 Rxe7 25. Rxe7 Qxe7 26. Qd2 Bxc4 27. bxc4 g6 28. Re1 Qd7 29. Qc3 Qd6 30. Qb3 Re7 31. Rd1 Qe5 32. Bd5 Kg7 33. Qf3 Qe2 34. Qb3 Re5 35. Bf3 1-0

[Event "Oberliga NRW 9798 I"]
[Site "Germany"]
[Date "1998.??.??"]
[Round "7.2"]
[White "Reinartz, Georg"]
[Black "Steinbacher, Matthias"]
[Result "0-1"]
[WhiteElo "2260"]
[BlackElo "2345"]
[PlyCount "63"]
[EventDate "1997.10.??"]
[EventType "team"]
[EventRounds "9"]
[EventCountry "GER"]
[SourceTitle "EXT 1999"]
[Source "ChessBase"]
[SourceDate "1998.11.16"]
[SourceVersion "1"]
[SourceVersionDate "1998.11.16"]
[SourceQuality "1"]
[WhiteTeam "Elberfeld"]
[BlackTeam "Aachen"]
[WhiteTeamCountry "GER"]
[BlackTeamCountry "GER"]

1. d4 Nf6 2. c4 e6 3. Nf3 b6 4. g3 Ba6 5. Nbd2 Bb4 6. Qb3 c5 7. a3 Ba5 8. Bg2 Nc6 9. d5 Bxd2+ 10. Bxd2 exd5 11. cxd5 Ne7 12. Nh4 0-0 13. Qa4 Qc8 14. d6 Nc6 15. Nf5 Re8 16. e3 Bd3 17. Bxc6 Bxf5 18. Bg2 Be4 19. f3 Bc6 20. Qc2 Qb8 21. 0-0 Qxd6 22. e4 Qd4+ 23. Kh1 Ba4 24. b3 Bxb3 25. Qxb3 Qxd2 26. Rad1 Qg5 27. Rfe1 d5 28. f4 Qh5 29. Bf3 Qh3 30. exd5 h5 31. Rxe8+ Rxe8 32. d6 0-1

[Event "Oberliga NRW 9798 I"]
[Site "Germany"]
[Date "1997.??.??"]
[Round "4.2"]
[White "Meijers, Viesturs"]
[Black "Reinartz, Georg"]
[Result "0-1"]
[WhiteElo "2445"]
[BlackElo "2260"]
[PlyCount "106"]
[EventDate "1997.10.??"]
[EventType "team"]
[EventRounds "9"]
[EventCountry "GER"]
[SourceTitle "EXT 1999"]
[Source "ChessBase"]
[SourceDate "1998.11.16"]
[SourceVersion "1"]
[SourceVersionDate "1998.11.16"]
[SourceQuality "1"]
[WhiteTeam "Godesberg II"]
[BlackTeam "Elberfeld"]
[WhiteTeamCountry "GER"]
[BlackTeamCountry "GER"]

1. e4 c5 2. Nf3 Nc6 3. d4 cxd4 4. Nxd4 Nf6 5. Nc3 d6 6. Bg5 e6 7. Qd2 a6 8. Be2 h6 9. Be3 Be7 10. 0-0 0-0 11. Kh1 e5 12. Nb3 Be6 13. Rad1 b5 14. a3 Rc8 15. f4 Nb8 16. f5 Bc4 17. Rf3 Bxe2 18. Qxe2 Nbd7 19. Rh3 Re8 20. Rd3 Bf8 21. Bc1 Rc4 22. Rdg3 Qa8 23. Nd2 Rxc3 24. bxc3 Kh8 25. Rh4 Nc5 26. Re3 Be7 27. Nf3 Nh7 28. Rh3 Nf6 29. Nd2 Rc8 30. Qe1 Kg8 31. Re2 Bd8 32. Rhe3 Bb6 33. Nf1 Kf8 34. Ng3 Qc6 35. Bd2 Na4 36. Rf3 Nb2 37. h3 Bc5 38. Qa1 Nc4 39. Bc1 a5 40. Rf1 a4 41. Rfe1 Qb6 42. Rd1 Qc6 43. Kh2 Ke7 44. Rde1 Rd8 45. Nf1 Nd7 46. Nd2 Ndb6 47. Nf3 Nd7 48. g4 Rh8 49. Qa2 Qb6 50. Nd2 Nxd2 51. Bxd2 Qc6 52. c4 bxc4 53. Qxc4 Bg1+ 0-1

[Event "Oberliga NRW 9596 II"]
[Site "Germany"]
[Date "1996.??.??"]
[Round "?.2"]
[White "Mukhametov, Eldar"]
[Black "Reinartz, Georg"]
[Result "1-0"]
[WhiteElo "2515"]
[BlackElo "2230"]
[PlyCount "83"]
[EventDate "1995.10.??"]
[EventType "team"]
[EventRounds "9"]
[EventCountry "GER"]
[SourceTitle "GER"]
[Source "ChessBase"]
[SourceDate "1999.07.01"]
[SourceVersion "1"]
[SourceVersionDate "1999.07.01"]
[SourceQuality "1"]
[WhiteTeam "Bochum SG II"]
[BlackTeam "Elberfeld"]
[WhiteTeamCountry "GER"]
[BlackTeamCountry "GER"]

1. e4 c5 2. c3 d5 3. exd5 Qxd5 4. d4 Nf6 5. Nf3 Bg4 6. Nbd2 Nc6 7. Bc4 Qd7 8. dxc5 e5 9. h3 Bxf3 10. Qxf3 Bxc5 11. Nb3 Be7 12. Be3 0-0 13. 0-0 e4 14. Qe2 Ne5 15. Nd4 Nxc4 16. Qxc4 Rac8 17. Qb3 Rc5 18. Ne2 Rb5 19. Qc2 Qd3 20. Rac1 Qxc2 21. Rxc2 a6 22. c4 Ra5 23. b3 Rc8 24. Rd1 Rd5 25. Re1 Rd7 26. Rcc1 Bb4 27. Red1 Rcd8 28. Rxd7 Rxd7 29. g4 Bd2 30. Rd1 Bxe3 31. Rxd7 Bxf2+ 32. Kxf2 Nxd7 33. Ke3 Kf8 34. Kxe4 Ke7 35. Kd5 h5 36. gxh5 Nb6+ 37. Ke4 Kd6 38. Ng3 Ke6 39. Nf5 Kf6 40. Nd6 Kg5 41. Nxb7 Kxh5 42. c5 1-0

[Event "Oberliga NRW 9596 II"]
[Site "Germany"]
[Date "1995.??.??"]
[Round "?.2"]
[White "Kroeger, Fabian"]
[Black "Reinartz, Georg"]
[Result "0-1"]
[WhiteElo "2190"]
[BlackElo "2230"]
[PlyCount "94"]
[EventDate "1995.10.??"]
[EventType "team"]
[EventRounds "9"]
[EventCountry "GER"]
[SourceTitle "GER"]
[Source "ChessBase"]
[SourceDate "1999.07.01"]
[SourceVersion "1"]
[SourceVersionDate "1999.07.01"]
[SourceQuality "1"]
[WhiteTeam "Neuenkirchen"]
[BlackTeam "Elberfeld"]
[WhiteTeamCountry "GER"]
[BlackTeamCountry "GER"]

1. e4 g6 2. d4 Bg7 3. Nc3 d6 4. Be3 Nd7 5. Qd2 a6 6. f4 b5 7. a4 b4 8. Nd1 Ngf6 9. Nf2 Bb7 10. Bd3 c5 11. c3 Qa5 12. cxb4 cxb4 13. Ne2 e5 14. 0-0 0-0 15. Ng3 Nd5 16. fxe5 Nxe3 17. Qxe3 dxe5 18. d5 h5 19. Ne2 Qc5 20. Qh3 Nf6 21. Kh1 Bh6 22. Nd1 Kg7 23. Qg3 Rae8 24. Rf3 Ng4 25. h3 Rh8 26. Nf2 Bc8 27. h4 f6 28. b3 g5 29. Rc1 Qxc1+ 30. Nxc1 gxh4 31. Nxg4 hxg3 32. Nxh6 Rxh6 33. Rxg3+ Rg6 34. Re3 Re7 35. Bc4 f5 36. exf5 Bxf5 37. Nd3 Bxd3 38. Bxd3 Rf6 39. Kg1 a5 40. g3 Rd6 41. Be4 Rc7 42. Bf3 Kf6 43. Kf2 Rc2+ 44. Re2 Rc3 45. Re3 Rd8 46. Rxc3 bxc3 47. Ke1 Rg8 0-1

[Event "Oberliga NRW 9596 II"]
[Site "Germany"]
[Date "1995.??.??"]
[Round "?.2"]
[White "Rechmann, Peter"]
[Black "Reinartz, Georg"]
[Result "0-1"]
[WhiteElo "2355"]
[BlackElo "2230"]
[PlyCount "60"]
[EventDate "1995.10.??"]
[EventType "team"]
[EventRounds "9"]
[EventCountry "GER"]
[SourceTitle "GER"]
[Source "ChessBase"]
[SourceDate "1999.07.01"]
[SourceVersion "1"]
[SourceVersionDate "1999.07.01"]
[SourceQuality "1"]
[WhiteTeam "Monheim"]
[BlackTeam "Elberfeld"]
[WhiteTeamCountry "GER"]
[BlackTeamCountry "GER"]

1. e4 c5 2. Nf3 e6 3. Nc3 a6 4. g3 b5 5. Bg2 Bb7 6. d3 Nc6 7. 0-0 d6 8. a4 b4 9. Ne2 Nf6 10. h3 d5 11. exd5 Nxd5 12. Nf4 Be7 13. Re1 0-0 14. Nxd5 exd5 15. d4 Rc8 16. dxc5 Bxc5 17. Be3 Qb6 18. Qd3 h6 19. Rad1 d4 20. Bf4 Rfe8 21. Nd2 Na5 22. Ne4 Qc6 23. Bf3 Qb6 24. Re2 Red8 25. Be5 Nc6 26. Bf4 Bf8 27. Rde1 b3 28. Qxb3 Nb4 29. Rd1 Bd5 30. a5 Qb5 0-1

[Event "Oberliga NRW 9293 II"]
[Site "Germany"]
[Date "1993.??.??"]
[Round "?.4"]
[White "Reinartz, Georg"]
[Black "Dorner, Matthias"]
[Result "1/2-1/2"]
[WhiteElo "2240"]
[BlackElo "2305"]
[PlyCount "150"]
[EventDate "1992.10.??"]
[EventType "team"]
[EventRounds "10"]
[EventCountry "GER"]
[SourceTitle "TD"]
[Source "ChessBase"]
[SourceDate "1994.03.01"]
[SourceVersion "1"]
[SourceVersionDate "1994.03.01"]
[SourceQuality "1"]
[WhiteTeam "Elberfeld"]
[BlackTeam "Krefeld"]
[WhiteTeamCountry "GER"]
[BlackTeamCountry "GER"]

1. Nf3 d5 2. c4 c6 3. b3 Bg4 4. Bb2 Nd7 5. g3 Bxf3 6. exf3 Ngf6 7. Bg2 dxc4 8. bxc4 Qb6 9. Qc2 e5 10. 0-0 Bc5 11. Nc3 0-0 12. Na4 Qc7 13. Nxc5 Nxc5 14. d4 exd4 15. Bxd4 Ncd7 16. Rad1 Rad8 17. f4 Rfe8 18. Rd2 Re7 19. Ba1 Rde8 20. Qd1 Qa5 21. Bh3 Nf8 22. Bxf6 gxf6 23. Qg4+ Kh8 24. Rd6 Re6 25. Rxe6 fxe6 26. Qe2 Qc5 27. Qb2 Qe7 28. Re1 Kg7 29. Bxe6 Nxe6 30. f5 Qd7 31. fxe6 Rxe6 32. Rxe6 Qxe6 33. Qxb7+ Kh6 34. Qb3 Kg7 35. Qd3 a5 36. Kg2 a4 37. h3 Qe7 38. Qf5 Qb7 39. c5 a3 40. Qe6 Qb5 41. Qe7+ Kg8 42. h4 h5 43. Qe8+ Kg7 44. Qxh5 Qc4 45. Qf5 Qxa2 46. Qd7+ Qf7 47. Qxc6 a2 48. Qa8 Qb3 49. Qa7+ Kh6 50. c6 Qd5+ 51. Kh2 Qd2 52. c7 a1Q 53. Qxa1 Qxf2+ 54. Kh3 Qf5+ 55. Kg2 Qe4+ 56. Kf2 Qc2+ 57. Ke3 Qb3+ 58. Kd4 Qb4+ 59. Kd5 Qb3+ 60. Kc5 Qc2+ 61. Kd6 Qd3+ 62. Ke7 Qh7+ 63. Kd6 Qd3+ 64. Ke6 Qe4+ 65. Kxf6 Qc6+ 66. Ke5 Qxc7+ 67. Kf5 Qd7+ 68. Kf4 Qd2+ 69. Ke4 Qe2+ 70. Kd4 Qg4+ 71. Kc5 Qc8+ 72. Kd6 Qd8+ 73. Ke6 Qe8+ 74. Kf5 Qd7+ 75. Kf4 Qd2+ 1/2-1/2